1739 1349 1478 1851 1016 1544 1430 2000 1789 1550 1564 1682 1132 1357 1390 1138 1086 1243 1339 1558 1887 1998 1908 1038 1386 1792 1170 1044 1226 1283 1614 1746 1910 1264 1082 1604 1925 1285 1598 1529 1913 1934 1793 1386 1381 1637 1091 1695 1370 1249 1782 1422 1454 1538 1031 1036 1387 1027 1949 1200 1083 1324 1219 1176 1979 1042 1279 1466 1172 1786 1071 1148 1792 1639 1589 1069 1676 1847 1413 1484 1448 1151 1993 1460 1623 1368 1067 1152 1692 1600 1630 1954 1063 1200 1823 1868 1211 1999 1637 BCNSPRNW ULIB Ver.6.0+V

เปลี่ยนเป็นภาษาไทย

Change to English
 แสดงรายละเอียดบรรณานุกรม
  กลับหน้าหลัก

Brief Record : Get Marc (ISO 2709) : E-mail record : QR code < ปิดหน้าต่าง
LEADER : 00000nam 2200000uu 4500
001    13399123175
003     ULIB
008    020711s2551 th a 000 0 tha d
020    9789744263520
090    นว.^bD111ส
100    Driss-N-Cha
245    เสิร์ฟรักมาทักทาย /^cDriss-N-Cha
250    พิมพ์ครั้งที่ 1
260    กรุงเทพฯ :^blemon green,^c2551
300    320 หน้า
945    ^p219^l0^i20323
999    ^aทศพร เกษรทอง
รายการนี้ยังไม่มีแท็ก
คุณยังไม่ได้ล็อกอิน คุณสามารถมีกิจกรรมร่วมกับเว็บไซต์ได้ แต่ต้องล็อกอินก่อน ::
  ล็อกอิน

รายการสื่อสารสนเทศ

ลำดับที่ ประเภท เลขเรียก/บาร์โค้ด สถานที่ สถานะ
1. นวนิยาย
นวนิยาย
นว. D111ส ฉ.1 
  Barcode: 20323
ห้องสมุดวิทยาเขตนครสวรรค์
►นวนิยาย:l:Fiction
บนชั้น

BibComment


ยังไม่เคยถูกคอมเมนท์

คอมเมนท์ทรัพยากรรายการนี้
  คอมเมนท์: เสิร์ฟรักมาทักทาย..


 Copyright 2026. Bcnsprnw @Library